Savage Girls and Wild Boys : (Record no. 610083)

MARC details
000 -LEADER
fixed length control field 00481nam a2200193 a 4500
008 - FIXED-LENGTH DATA ELEMENTS--GENERAL INFORMATION
fixed length control field 260203s2003##################000#0#eng##
020 ## - INTERNATIONAL STANDARD BOOK NUMBER
ISBN 9780571214600
082 04 - DEWEY DECIMAL CLASSIFICATION NUMBER
Classification number 305.23
Item number NEW
100 1# - MAIN ENTRY--AUTHOR NAME
Personal name Newton, Michael,
245 10 - TITLE STATEMENT
Title Savage Girls and Wild Boys :
260 ## - PUBLICATION, DISTRIBUTION, ETC. (IMPRINT)
Year of publication 2003.
300 ## - PHYSICAL DESCRIPTION
Number of Pages 284 pages
650 #0 - SUBJECT ADDED ENTRY--TOPICAL TERM
Topical Term Child abuse.
942 ## - ADDED ENTRY ELEMENTS (KOHA)
Koha item type English Books
Holdings
Withdrawn status Lost status Damaged status Not for loan Home library Current library Shelving location Date acquired Full call number Accession Number Price effective from Koha item type
        Anna Centenary Library Anna Centenary Library 3RD FLOOR, B WING 03.02.2026 305.23 NEW 414640 03.02.2026 English Books

Find us on the map